000 00654cam a22001815a 4500
001 L156594
008 120611e19560210xxk f 000 0 eng d
035 _a(Sirsi) u156594
041 0 _aeng
110 2 _aIncorporated Society of Auctioneers and Landed Property Agents
_94878
245 0 0 _aThirty-second annual general meeting
260 _aLondon
_b[ISALPA]
_c1956
300 _a15 p.
_c23 cm.
520 _aSets out the agenda of the 1956 AGM of the Incorporated Society of Auctioneers and Landed Property Agents, to be held at 34 Queen's Gate, London on 15 March.
651 4 _aGreat Britain
_y1707-
690 _aAuctioneering
_96218
942 _n0
999 _c114308
_d114308